000 00708nam a2200193 i 4500
001 36594
003 ES-MaACL
005 20230906155412.0
007 t|
008 030218s1961 xxu ||||1| spa d
100 1 _aBryce, Murray D.
_932255
245 1 0 _aDesarrollo industrial
_b: guía para acelerar el crecimiento económico /
_cMurray D. Bryce ; traducción por Juan Sata-Cruz Vergara ; con la revisión técnica de Juan Yáñez Gómez.
260 _aNew York :
_bMcGraw-Hill,
_c1961.
300 _aXVI, 294 p. ;
_c24 cm.
650 4 _aDesarrollo económico.
_9153584
700 1 _aSanta-Cruz Vergara, Juan.
_9103239
700 1 _aYáñez Gómez, Juan.
_9117570
852 _aES-MaACL
_jC-24796
_bR.53543
999 _c36594
_d36594